Biznis 21. storočia

Salvato in:
Dettagli Bibliografici
Autore principale: Kiyosaki, Robert T.
Altri autori: Voltner, Milivoj
Natura: Libro
Lingua:slovacco
Pubblicazione: Bratislava Motýľ 2011
Soggetti:
Tags: Aggiungi Tag
Nessun Tag, puoi essere il primo ad aggiungerne!!

MARC

LEADER 00000nam a2200000 4500
001 0148126
005 20240314094213.2
020 |a 978-80-89482-46-7 
041 0 |a slo 
044 |a SK 
245 1 0 |a Biznis 21. storočia  |c Robert T. Kiyosaki ; preložil: Milivoj Voltner 
264 1 |a Bratislava  |b Motýľ  |c 2011 
300 |a 189 s. 
610 2 0 |a podnikanie 
610 2 0 |a úspech pracovný 
610 2 0 |a politika finančná 
610 2 0 |a vodcovstvo 
610 2 0 |a riadenie podnikové 
610 2 0 |a obchod 
610 2 0 |a stratégia podnikateľská 
610 2 0 |a poradenstvo 
100 1 |a Kiyosaki, Robert T. 
700 1 |a Voltner, Milivoj